Waking Ned Devine / Tomboy Films in association ... Read More
Available copies
- 2 of 2 copies available at LARL/NWRL Consortium.
- 1 of 1 copy available at Lake Agassiz Regional Library. (Show preferred library)
Current holds
0 current holds with 2 total copies.
Show Only Available Copies
| Location | Call Number / Copy Notes | Barcode | Shelving Location | Status | Due Date |
|---|---|---|---|---|---|
| Climax Public Library | DVD WAK (Text) | 33500013135017 | Main | Available | - |
| Roseau Public Library | DVD WAK (Text) | 35500005608896 | Main | Available | - |
Record details
- Physical Description: 1 videodisc (91 min.) : sd., col. ; 4 3/4 in.
- Publisher: Beverly Hills, Calif. : Twentieth Century Fox Home Entertainment, c1998.
Content descriptions
| General Note: | "Fox Searchlight Pictures and Tomboy Films present in association with The Gruber Brothers ... Read More Originally released as a motion picture in 1998. |
| Creation/Production Credits Note: | Music, Shaun Davey; cinematography, Henry Braham ; ... Read More |
| Participant or Performer Note: | Ian Bannen, David Kelly, Fionnula Flanagan, Susan ... Read More |
| Summary, etc.: | When Ned Devine dies from shock after winning the ... Read More |
| Target Audience Note: | Rated PG. |
| System Details Note: | DVD (with chapter stops) ; widescreen (letterbox ... Read More |
| Language Note: | Soundtrack in English with subtitles in English ... Read More |
Search for related items by subject
| Subject: | Lottery winners > Drama. Ireland > Drama. Lottery winners. Ireland. |
| Genre: | Comedy films. Fiction films. Feature films. Feature films > Great Britain. Video recordings for the hearing impaired. Drama. |
| LDR | 03561cgm a2200709Ia 4500 | ||
|---|---|---|---|
| 001 | 177033 | ||
| 003 | LARL_NWRL_CONSORTIUM | ||
| 005 | 20190923172419.0 | ||
| 007 | vd cgaizq | ||
| 008 | 990603s1998 cau091 vleng d | ||
| 024 | 1 | . | ‡a086162103858 |
| 028 | 4 | 2. | ‡a2001321 ‡bTwentieth Century Fox Home Entertainment |
| 035 | . | ‡a(OCoLC)41481656 | |
| 040 | . | ‡aJVK ‡cJVK ‡dOCL ‡dUV$ ‡dOCLCQ ‡dMTG ‡dOCLCA ‡dIHV ‡dIBI ‡dZEM ‡dOCLCA ‡dMCT ‡dIUL ‡dWAU ‡dOCLCF ‡dOCLCO | |
| 041 | 0 | . | ‡aeng ‡jengspa |
| 043 | . | ‡ae-ie--- | |
| 082 | 0 | 4. | ‡a791.43/72 ‡222 |
| 245 | 0 | 0. | ‡aWaking Ned Devine / ‡cTomboy Films in association with The Gruber Brothers [et al.] ; written and directed by Kirk Jones ; producers, Glynis Murray, Richard Holmes. |
| 260 | . | ‡aBeverly Hills, Calif. : ‡bTwentieth Century Fox Home Entertainment, ‡cc1998. | |
| 300 | . | ‡a1 videodisc (91 min.) : ‡bsd., col. ; ‡c4 3/4 in. | |
| 538 | . | ‡aDVD (with chapter stops) ; widescreen (letterbox format) ; Dolby surround. | |
| 546 | . | ‡aSoundtrack in English with subtitles in English and Spanish ; closed captioned. | |
| 500 | . | ‡a"Fox Searchlight Pictures and Tomboy Films present in association with The Gruber Brothers Mainstream SA Bonaparte Films, Ltd. the Isle of Man Film Commission and Overseas Filmgroup with the participation of Canal+." | |
| 511 | 1 | . | ‡aIan Bannen, David Kelly, Fionnula Flanagan, Susan Lynch and James Nesbitt. |
| 508 | . | ‡aMusic, Shaun Davey; cinematography, Henry Braham ; editing, Alan Strachan. | |
| 500 | . | ‡aOriginally released as a motion picture in 1998. | |
| 521 | . | ‡aRated PG. | |
| 520 | . | ‡aWhen Ned Devine dies from shock after winning the lottery, two longtime friends, Michael and Jackie, discover the body and agree Ned would want them to benefit from his good luck. They embark upon an outrageous scheme to claim the ticket -- but first they have to get all the townsfolk to go along with their plan. | |
| 650 | 0. | ‡aLottery winners ‡vDrama. | |
| 651 | 0. | ‡aIreland ‡vDrama. ‡0(LARL_NWRL_CONSORTIUM)168531 | |
| 650 | 7. | ‡aLottery winners. ‡2fast ‡0(LARL_NWRL_CONSORTIUM)24808 | |
| 651 | 7. | ‡aIreland. ‡2fast ‡0(LARL_NWRL_CONSORTIUM)23401 | |
| 655 | 7. | ‡aComedy films. ‡2lcgft ‡0(LARL_NWRL_CONSORTIUM)175650 | |
| 655 | 7. | ‡aFiction films. ‡2lcgft ‡0(LARL_NWRL_CONSORTIUM)175626 | |
| 655 | 7. | ‡aFeature films. ‡2lcgft ‡0(LARL_NWRL_CONSORTIUM)175625 | |
| 655 | 7. | ‡aFeature films ‡zGreat Britain. ‡2local | |
| 655 | 7. | ‡aVideo recordings for the hearing impaired. ‡2lcgft ‡0(LARL_NWRL_CONSORTIUM)175744 | |
| 655 | 7. | ‡aDrama. ‡2fast | |
| 700 | 1 | . | ‡aBannen, Ian, ‡d1928-1999. ‡0(LARL_NWRL_CONSORTIUM)83439 |
| 700 | 1 | . | ‡aKelly, David, ‡d1929-2012. |
| 700 | 1 | . | ‡aFlanagan, Fionnula, ‡d1941- ‡0(LARL_NWRL_CONSORTIUM)144402 |
| 700 | 1 | . | ‡aLynch, Susan, ‡d1971- ‡0(LARL_NWRL_CONSORTIUM)147792 |
| 700 | 1 | . | ‡aNesbitt, James, ‡d1965- ‡0(LARL_NWRL_CONSORTIUM)208388 |
| 700 | 1 | . | ‡aJones, Kirk, ‡d1964- ‡0(LARL_NWRL_CONSORTIUM)202992 |
| 710 | 2 | . | ‡aFox Searchlight Pictures. ‡0(LARL_NWRL_CONSORTIUM)142152 |
| 710 | 2 | . | ‡aTwentieth Century Fox Home Entertainment, Inc. ‡0(LARL_NWRL_CONSORTIUM)140752 |
| 710 | 2 | . | ‡aTomboy Films (Firm) |
| 710 | 2 | . | ‡aGruber Brothers. |
| 710 | 2 | . | ‡aMainstream SA. |
| 710 | 2 | . | ‡aBonaparte Films. |
| 710 | 2 | . | ‡aIsle of Man Film Commission. ‡0(LARL_NWRL_CONSORTIUM)209673 |
| 710 | 2 | . | ‡aOverseas Film Group. |
| 710 | 2 | . | ‡aCanal+. |
| 901 | . | ‡a177033 ‡bOCLC ‡c177033 ‡tbiblio | |

Add to basket
Permalink
Disable Highlighting